000 00612nam a2200205Ia 4500
005 20250508165553.0
008 008 250505s9999 xx 000 0 eng d
020 _aISSN: 2349-820X
037 _aTextual
040 _aFEDL
_beng
_cFEDL
041 _aeng
_2eng
084 _a371.822 095 4, VID
_qFEDL
100 _aVidya Sagar Reddy G
_9780841
245 0 _aEmpowerment of women in education
260 _aNew Delhi, India
_bAstha Publishers and Distributors
_c2016
300 _aviii, 232p.
365 _aINR
_b950
942 _cTEXL
_h371.822 095 4, VID
999 _c1395929
_d1395929